00488nam a2200193 a 4500001001300000003000900013005001700022008004100039020002300080082001700103100001400120245002900134260003100163300000900194500003500203505002600238650001600264700001400280nice12345678IN_TiNIC20260116014556.0050524s2003 dela grp 000 0 eng  a8187385 c12500a340.59bKHA8 aKhan, S A aSpring of Heaven (vol I) aDelhibRightway Pub c2003 a461p aincludes index and biblioraphy2 aIndex, Quranic Verses aIslamic-Law1 aKhan, S A